Central Library and Information Centre
Sibsagar Girls' College, Sivasagar : Assam

I.I.T. MATHAMATICS (Record no. 10574)

MARC details
000 -LEADER
fixed length control field 00572cam a2200229ua 4500
008 - FIXED-LENGTH DATA ELEMENTS--GENERAL INFORMATION
fixed length control field 160307n II |||gr||||Z||||||eng
040 ## - CATALOGING SOURCE
Original cataloging agency MAIN
041 ## - LANGUAGE CODE
-- English
082 ## - DEWEY DECIMAL CLASSIFICATION NUMBER
Classification number 510 VAS
100 ## - MAIN ENTRY--PERSONAL NAME
Personal name VASISTHA, A.R.
245 ## - TITLE STATEMENT
Title I.I.T. MATHAMATICS
250 ## - EDITION STATEMENT
Edition statement 9TH.
260 ## - PUBLICATION, DISTRIBUTION, ETC.
Place of publication, distribution, etc. MEERUT:
Name of publisher, distributor, etc. A.S.PRAKASHAN,
Date of publication, distribution, etc. 2001.
300 ## - PHYSICAL DESCRIPTION
Extent (p-1):
Dimensions 24CM.
500 ## - GENERAL NOTE
General note Taransferred to Sanaskriti Junior College, SGC
700 ## - ADDED ENTRY--PERSONAL NAME
Personal name VASISTHA, A.R.,
Relator term Author.
700 ## - ADDED ENTRY--PERSONAL NAME
Personal name VASISTHA, VIPIN.
700 ## - ADDED ENTRY--PERSONAL NAME
Personal name VASISTHA, A.K.
942 ## - ADDED ENTRY ELEMENTS (KOHA)
Koha item type Books
653 ## - INDEX TERM--UNCONTROLLED
Uncontrolled term Mathematics
Holdings
Withdrawn status Lost status Damaged status Not for loan Collection code Home library Current library Shelving location Date acquired Full call number Barcode Date last seen Copy number Price effective from Koha item type
        TBMAT Central Library and Information Centre Sibsagar Girls College Central Library and Information Centre Sibsagar Girls College Mathematics Rack 18.03.1987 510 VAS 09158 27.02.2020 1 27.02.2020 Books


Sibsagar Girl's College © 2020. All rights reserved.
Powered by Koha.
Maintained by Abhijit Borpuzari.